000 01610cam a2200361 i 4500
999 _c9966
_d9966
001 904576316
003 OCoLC
005 20241126110722.0
008 150523s2015 miu b 001 0 eng
010 _a2015020885
020 _a9780801049897
020 _a080104989X
035 _a(OCoLC)904576316
040 _aDLC
_beng
_erda
_cDLC
_dYDX
_dYDXCP
_dBDX
_dBTCTA
_dXBE
_dDTM
_dLNT
_dOCLCQ
_dATH
042 _apcc
050 0 0 _aBV4511
_b.R435 2015
082 _a253.53
_bREE
100 1 _aReed, Angela H.
_917328
245 1 0 _aSpiritual companioning :
_ba guide to Protestant theology and practice /
_cAngela H. Reed, Richard R. Osmer, and Marcus G. Smucker.
264 1 _aGrand Rapids, Michigan :
_bBaker Academic,
_c[2015]
300 _axxii, 186 pages ;
_c23 cm
336 _atext
_btxt
_2rdacontent
337 _aunmediated
_bn
_2rdamedia
338 _avolume
_bnc
_2rdacarrier
504 _aIncludes bibliographical references and indexes.
505 0 _aSpiritual companioning as presence -- Spiritual companioning in the congregation -- Spiritual companioning in spiritual direction -- Spiritual companioning in small groups -- Spiritual companioning in everyday life -- Spiritual companioning and the journey of life -- Spiritual companioning for leaders.
650 0 _aSpiritual formation
_xProtestant churches.
_917329
650 0 _aSpiritual direction
_xProtestant churches.
_917330
650 0 _aInterpersonal relations
_xReligious aspects
_xChristianity.
_9400
650 0 _aMentoring
_xReligious aspects
_xChristianity.
_917331
650 0 _aProtestant churches
_xDoctrines.
_917332
942 _2ddc
_cBK